| 000 | 00786nam a2200157 a 4500 | ||
|---|---|---|---|
| 008 | 120416s1967 ||||||||||||||||| || u | ||
| 050 | _aTA 710 Ter | ||
| 100 | _aTerzaghi, Karl | ||
| 245 | 1 | 0 | _aSoil mechanics in engineering practice |
| 250 | _a2nd ed. | ||
| 260 |
_aNew York _bJohn Wiley and Sons _c1967 |
||
| 350 | _a0.00 | ||
| 995 |
_aMAIN LIBRARY OPEN ACCESS _D0.00 _e713611 _FCBU-MAIN LIBRARY (Kitwe) _H2 _I8.80 _jTA 710 Ter _M1 _UAVAILABLE _y013936 _ZMain Library Open Access Collection |
||
| 995 |
_aBINDERY (DAMAGED) _D0.00 _e717581 _FCBU-MAIN LIBRARY (Kitwe) _H1 _I8.80 _jTA 710 Ter _UDAMAGED _y013937 _ZMain Library Open Access Collection |
||
| 995 |
_aMAIN LIBRARY OPEN ACCESS _D0.00 _e726576 _FCBU-MAIN LIBRARY (Kitwe) _H3 _I8.80 _jTA 710 Ter _UAVAILABLE _y013938 _ZMain Library Open Access Collection |
||
| 999 |
_c76634 _d76634 |
||